Otolaryngology: (Record no. 16685)

000 -LEADER
fixed length control field 01192nam a22003735a 4500
001 - CONTROL NUMBER
control field 62481
005 - DATE AND TIME OF LATEST TRANSACTION
control field 20161116114420.0
008 - FIXED-LENGTH DATA ELEMENTS--GENERAL INFORMATION
fixed length control field 940602s1994 moua b 001 0 eng d
010 ## - LIBRARY OF CONGRESS CONTROL NUMBER
LC control number 94166272
020 ## - INTERNATIONAL STANDARD BOOK NUMBER
International Standard Book Number 0397572445
035 ## - SYSTEM CONTROL NUMBER
System control number (OCoLC)29464098
040 ## - CATALOGING SOURCE
Original cataloging agency DLC
Transcribing agency DLC
042 ## - AUTHENTICATION CODE
Authentication code lccopycat
050 00 - LIBRARY OF CONGRESS CALL NUMBER
Classification number RF51
Item number .O86 1994
100 ## - MAIN ENTRY--PERSONAL NAME
Personal name Edited by English,Gerald M.
245 00 - TITLE STATEMENT
Title Otolaryngology:
Statement of responsibility, etc. Gerald M.English
Remainder of title oncology of the head and neck/
250 ## - EDITION STATEMENT
Edition statement 5th ed.
260 ## - PUBLICATION, DISTRIBUTION, ETC. (IMPRINT)
Place of publication, distribution, etc. Philadelphia :
Name of publisher, distributor, etc. J.B.Lippincott Company,
Date of publication, distribution, etc. c1994.
300 ## - PHYSICAL DESCRIPTION
Extent ix, 510 p. :
Other physical details ill. ;
Dimensions 29 cm.
504 ## - BIBLIOGRAPHY, ETC. NOTE
Bibliography, etc Includes bibliographical references .
650 #0 - SUBJECT ADDED ENTRY--TOPICAL TERM
Topical term or geographic name as entry element Otolaryngology, Operative.
650 #0 - SUBJECT ADDED ENTRY--TOPICAL TERM
Topical term or geographic name as entry element Head
General subdivision Surgery.
650 #0 - SUBJECT ADDED ENTRY--TOPICAL TERM
Topical term or geographic name as entry element Neck
General subdivision Surgery.
653 0# - INDEX TERM--UNCONTROLLED
Uncontrolled term Humans
-- head
-- surgery
653 0# - INDEX TERM--UNCONTROLLED
Uncontrolled term Humans
-- neck
-- surgery
942 ## - ADDED ENTRY ELEMENTS (KOHA)
Source of classification or shelving scheme
Koha item type Hard Covered Materials
Classification part RF51 .O86 1994
Holdings
Withdrawn status Lost status Source of classification or shelving scheme Damaged status Not for loan Home library Current library Shelving location Date acquired Source of acquisition Total Checkouts Full call number Barcode Date last seen Price effective from Koha item type
          MACHAKOS UNIVERSITY LIBRARY MACHAKOS UNIVERSITY LIBRARY Open shelf 16/11/2016 Donation(BFA)   RF51 .O86 1994 27790 07/06/2019 16/11/2016 Hard Covered Materials
© Machakos University Library, Along The Highway, Machakos Wote Rd, Machakos, Kenya P.O. Box 136 - 90100 Machakos - Kenya

Tel: ( +254 ) 723 805829 OR Fax : 044-20353 OR Email: library@mksu.ac.ke